| 000 | 00422nam a2200169Ia 4500 | ||
|---|---|---|---|
| 003 | GCL | ||
| 008 | 140319s9999 xx 000 0 ara d | ||
| 040 |
_aGCL / _cGCL |
||
| 082 | 0 | 4 |
_a810.9 _bع ا |
| 100 | 1 | _aعلى شلش | |
| 245 | 1 | 0 |
_aادب وادباء / _cعلى شلش |
| 300 | _a180 ص | ||
| 490 |
_aاقرأ _v0 |
||
| 650 | 0 | 4 | _aالادب العربى |
| 650 | 0 | 4 | _aالادباء العرب |
| 942 |
_2ddc _cBK |
||
| 999 |
_c47392 _d47392 |
||